Online Catalogue and eLibrary

Theories in Criminology: (Record no. 1054)

MARC details
000 -LEADER
fixed length control field 00482nam a2200181Ia 4500
005 - DATE AND TIME OF LATEST TRANSACTION
control field 20250312025221.0
008 - FIXED-LENGTH DATA ELEMENTS--GENERAL INFORMATION
fixed length control field 240331s9999 xx 000 0 und d
082 ## - DDC Classification
Class No. 301.01
Item Number - Author Mark SCH
DDC Edition Number 5001
100 ## - MAIN ENTRY--PERSONAL NAME
Personal name Schafer, S
245 #0 - TITLE STATEMENT
Title Theories in Criminology:
Remainder of title Past and Present Philosophies of the Crime Problem
260 ## - PUBLICATION, DISTRIBUTION, ETC.
Place of publication, distribution, etc. New York,
Name of publisher, distributor, etc. Random House
Date of publication, distribution, etc. 1969
300 ## - PHYSICAL DESCRIPTION
Extent (e.g. Volumes, Pages etc.) xvi, 335 p.,
650 ## - SUBJECT ADDED ENTRY--TOPICAL TERM
Topical term or geographic name entry element Criminology
650 ## - SUBJECT ADDED ENTRY--TOPICAL TERM
Topical term or geographic name entry element Law
650 ## - SUBJECT ADDED ENTRY--TOPICAL TERM
Topical term or geographic name entry element Psychology
650 ## - SUBJECT ADDED ENTRY--TOPICAL TERM
Topical term or geographic name entry element Society
942 ## - Koha item type (Biblio)
Koha item type Books in Stacks (Lending)
Holdings
Lost status Damaged status Collection code Home library Current library Shelving location Date acquired Full call number Accession Number Item type
    Lending WERC Library WERC Library Social Science Cupboard 03/31/2024 301.01 SCH 5001 Books in Stacks (Lending)

© WERC Library